000 00509nam a2200181Ia 4500
003 GCL
008 140319s9999 xx 000 0 ara d
040 _aGCL /
_cGCL
082 0 4 _a272.2
100 1 _aزينب الخضيرى
245 1 0 _aلاهوت التاريخ عند القديسين /
_cزينب الخضيرى
260 _a[S.N] :
_bدار الثقافة العربية ،
_c1992
300 _a213 ص
490 _a
650 0 4 _aاللاهوت
650 0 4 _aالديانات
942 _2ddc
_cBK
999 _c29534
_d29534